000 00684nam a2200253Ia 4500
003 OSt
005 20221005115741.0
006 a|||||r|||| 00| 0
007 ta
008 221004b |||||||| |||| 00| 0 eng d
024 _a109880
037 _cTextual
040 _aCRL
_cCRL
_beng
041 _2eng
_aeng
082 _aZ7918,26(Y:1), M5
110 _aUnesco (Paris France)
245 0 _aCollection of legislative texts concerning protection of movable cultural property
_b Brazil
260 _c1985
300 _a51p.
_ccm.
650 _aLAW
700 _aUnesco (Paris France)
942 _hZ7918,26(Y:1), M5
_cTEXL
_2cc
999 _c1035772
_d1035772